Νότια Αμερική - Κουίζ Χάρτη - Statistics

General Stats
  • This quiz has been taken 82 times
  • The average score is 9 of 14
Answers on the Map
Answers color-coded by a green-red scale on the quiz's map according to % correct below.
 
Answer Stats
Answer % Correct
Βραζιλία
91%
Αργεντινή
91%
Χιλή
85%
Παραγουάη
76%
Περού
74%
Κολομβία
70%
Ουρουγουάη
67%
Βολιβία
63%
Ισημερινός
63%
Νησιά Φώκλαντ (ΗΒ)
63%
Βενεζουέλα
61%
Γουιάνα
43%
Γαλλική Γουιάνα
43%
Σουρινάμ
30%
No matching quizzes found
Score Distribution
Percent of People with Each Score
Percentile by Number Answered
Your Score History
You have not taken this quiz